000 01167nam0a22002411 4500
001 rc\645160
005 20250621194922.0
035 _a(NLR Aleph) 005885883
090 _a6126516
_c6126516
100 _a20031121d1986 |||y0rusy50 ca
101 0 _arus
102 _aRU
105 _ay |||||||||
200 1 _aРЕСПУБЛИКАНСКАЯ межвузовская комплексная научно-исследовательская программа на 1986-1990 г.
_eЧеловеч. фактор
_eПробл. становления и развития в условиях совершенствования социализма
_fМ-во высш. и сред. спец. образования БССР. Упр. преподавания обществ. наук
_g[Сост. Дронь П.П., проф. и др.]
210 _aМинск
_cБ. и.
_d1986
215 _a19 с.
_d20
702 1 _aДронь
_bП.П.
_gПавел Петрович
_4220
712 0 1 _aБССР
_bУпр. преподавания общественных наук
801 0 _aRU
_bNLR
_gpsbo
801 1 _aRU
_bELAR
_2rusmarc
852 _aNLR
_j87-4/18977
942 _cBOOK
980 _aNB